[Event "EU-chT (Men) 17th"]
[Site "Novi Sad"]
[Date "2009.10.28"]
[Round "7.3"]
[White "Iotov, Valentin"]
[Black "Schandorff, Lars"]
[Result "1/2-1/2"]
[WhiteElo "2578"]
[BlackElo "2501"]
[PlyCount "60"]
[EventDate "2009.10.22"]
[EventType "team-swiss"]
[EventRounds "9"]
[EventCountry "YUG"]
[SourceTitle "CBM 133"]
[Source "ChessBase"]
[SourceDate "2009.11.19"]
[SourceVersion "1"]
[SourceVersionDate "2009.11.19"]
[SourceQuality "1"]
[WhiteTeam "Bulgaria"]
[BlackTeam "Denmark"]
[WhiteTeamCountry "BUL"]
[BlackTeamCountry "DEN"]

1. d4 Nf6 2. c4 e6 3. Nf3 d5 4. Nc3 Be7 5. Bg5 h6 6. Bh4 O-O 7. e3 Nbd7 8. Qc2
c5 9. Rd1 Qa5 10. dxc5 Qxc5 11. cxd5 Nxd5 12. Bxe7 Nxe7 13. Bd3 Nf6 14. O-O Bd7
15. Qb3 Rab8 16. h3 Rfd8 17. Rc1 Qa5 18. Rfd1 Be8 19. Bb5 Bxb5 20. Nxb5 Nc6 21.
Nbd4 Nxd4 22. Rxd4 Rxd4 23. Nxd4 Nd5 24. g3 Qd8 25. Qa3 Rc8 26. Rxc8 Qxc8 27.
Kg2 Qc1 28. Qb3 Qc7 29. Qa4 a6 30. Nf3 Nf6 1/2-1/2

[Event "EU-chT (Men) 17th"]
[Site "Novi Sad"]
[Date "2009.10.28"]
[Round "7.4"]
[White "Glud, Jakob Vang"]
[Black "Bojkov, Dejan"]
[Result "1-0"]
[WhiteElo "2476"]
[BlackElo "2528"]
[PlyCount "143"]
[EventDate "2009.10.22"]
[EventType "team-swiss"]
[EventRounds "9"]
[EventCountry "YUG"]
[SourceTitle "CBM 133"]
[Source "ChessBase"]
[SourceDate "2009.11.19"]
[SourceVersion "1"]
[SourceVersionDate "2009.11.19"]
[SourceQuality "1"]
[WhiteTeam "Denmark"]
[BlackTeam "Bulgaria"]
[WhiteTeamCountry "DEN"]
[BlackTeamCountry "BUL"]

1. c4 e5 2. g3 Nf6 3. Bg2 d5 4. cxd5 Nxd5 5. Nc3 Nb6 6. Nf3 Nc6 7. O-O Be7 8.
a3 O-O 9. b4 Be6 10. Rb1 f6 11. d3 Qd7 12. Ne4 Rab8 13. Qc2 Kh8 14. Bb2 a6 15.
Rfd1 Bg4 16. Nc5 Bxc5 17. bxc5 Nd5 18. d4 e4 19. Qxe4 Bf5 20. Qh4 Rbe8 21. Ne5
fxe5 22. e4 Bg4 23. exd5 Nxd4 24. Bxd4 Bxd1 25. Be3 Bf3 26. Bxf3 Rxf3 27. Qe4
Rff8 28. Rxb7 Rb8 29. d6 Rxb7 30. Qxb7 Rd8 31. dxc7 Rc8 32. Qxa6 Qd1+ 33. Qf1
Qd5 34. Qb1 Qd7 35. Qe4 Qxc7 36. h4 h6 37. Kg2 Kg8 38. Qd5+ Kh8 39. a4 Rd8 40.
Qe4 Rc8 41. g4 Kg8 42. Kh2 Qd8 43. g5 hxg5 44. hxg5 Qe8 45. a5 Rc6 46. Kg3 Qe6
47. Qg4 Kf7 48. Qf3+ Kg8 49. Qe4 Kf7 50. Qh7 Ra6 51. Qh5+ Kg8 52. Qd1 Kf7 53.
Qd8 Kg6 54. Kh4 Rc6 55. Qd1 Kf7 56. Qh5+ Ke7 57. Qh7 Qg6 58. Qxg6 Rxg6 59. Kg4
Ra6 60. Kf5 g6+ 61. Kxe5 Rxa5 62. Kd5 Kd7 63. Bd4 Ra6 64. f4 Rc6 65. Be5 Re6
66. Bd6 Re1 67. c6+ Kd8 68. Be5 Ke7 69. Bf6+ Ke8 70. Kd6 Rc1 71. c7 Rc2 72. Bd4
1-0

[Event "EU-chT (Men) 17th"]
[Site "Novi Sad"]
[Date "2009.10.29"]
[Round "8.2"]
[White "Meier, Georg"]
[Black "Hansen, Sune Berg"]
[Result "1-0"]
[WhiteElo "2664"]
[BlackElo "2552"]
[PlyCount "91"]
[EventDate "2009.10.22"]
[EventType "team-swiss"]
[EventRounds "9"]
[EventCountry "YUG"]
[SourceTitle "CBM 133"]
[Source "ChessBase"]
[SourceDate "2009.11.19"]
[SourceVersion "1"]
[SourceVersionDate "2009.11.19"]
[SourceQuality "1"]
[WhiteTeam "Germany"]
[BlackTeam "Denmark"]
[WhiteTeamCountry "GER"]
[BlackTeamCountry "DEN"]

1. d4 d5 2. c4 c6 3. Nf3 Nf6 4. e3 Bf5 5. Nc3 e6 6. Nh4 Bg6 7. Be2 Nbd7 8. O-O
Bd6 9. g3 Qe7 10. a3 dxc4 11. Bxc4 Nb6 12. Be2 O-O 13. Bd2 Rfe8 14. Nxg6 hxg6
15. Qc2 e5 16. dxe5 Bxe5 17. Rfd1 Qe6 18. Be1 g5 19. Rac1 g4 20. b4 Bxc3 21.
Bxc3 Ne4 22. Bd3 Nxc3 23. Qxc3 Nd7 24. Bc4 Qe7 25. Be2 Ne5 26. Rd4 Qe6 27. Qd2
Qg6 28. Qd1 f5 29. h3 gxh3 30. Bh5 Qe6 31. Bxe8 Rxe8 32. Rh4 Ng4 33. Qd4 h2+
34. Kg2 Qa2 35. Qc4+ Qxc4 36. Rxc4 Re5 37. Rc5 Rxc5 38. bxc5 b5 39. cxb6 axb6
40. e4 h1=Q+ 41. Rxh1 fxe4 42. a4 e3 43. Rb1 Ne5 44. fxe3 Nc4 45. Kf2 c5 46.
Ke2 1-0

[Event "EU-chT (Men) 17th"]
[Site "Novi Sad"]
[Date "2009.10.29"]
[Round "8.3"]
[White "Rasmussen, Allan Stig"]
[Black "Fridman, Daniel"]
[Result "1/2-1/2"]
[WhiteElo "2535"]
[BlackElo "2661"]
[PlyCount "71"]
[EventDate "2009.10.22"]
[EventType "team-swiss"]
[EventRounds "9"]
[EventCountry "YUG"]
[SourceTitle "CBM 133"]
[Source "ChessBase"]
[SourceDate "2009.11.19"]
[SourceVersion "1"]
[SourceVersionDate "2009.11.19"]
[SourceQuality "1"]
[WhiteTeam "Denmark"]
[BlackTeam "Germany"]
[WhiteTeamCountry "DEN"]
[BlackTeamCountry "GER"]

1. e4 e5 2. Nf3 Nf6 3. Nxe5 d6 4. Nf3 Nxe4 5. Nc3 Nxc3 6. dxc3 Be7 7. Bf4 Nc6
8. Qd2 Be6 9. O-O-O Qd7 10. Ng5 Bxg5 11. Bxg5 f6 12. Be3 O-O-O 13. b3 Kb8 14.
Be2 Rhe8 15. Rhe1 Bg4 16. f3 Bh5 17. Bf2 Bf7 18. Kb2 Re7 19. Bf1 Rxe1 20. Rxe1
Re8 21. Rd1 Bg6 22. a4 Qf5 23. Bg3 Qe6 24. Bc4 Qe3 25. Qxe3 Rxe3 26. Bf2 Re7
27. Kc1 a6 28. Kd2 Ne5 29. Bf1 Kc8 30. h3 Be8 31. Be2 Bc6 32. Rf1 f5 33. Be3
Ng6 34. Bd3 f4 35. Bf2 Ne5 36. Bd4 1/2-1/2

[Event "EU-chT (Men) 17th"]
[Site "Novi Sad"]
[Date "2009.10.30"]
[Round "9.1"]
[White "Stevic, Hrvoje"]
[Black "Hansen, Lars Bo"]
[Result "1/2-1/2"]
[WhiteElo "2624"]
[BlackElo "2574"]
[PlyCount "65"]
[EventDate "2009.10.22"]
[EventType "team-swiss"]
[EventRounds "9"]
[EventCountry "YUG"]
[SourceTitle "CBM 133"]
[Source "ChessBase"]
[SourceDate "2009.11.19"]
[SourceVersion "1"]
[SourceVersionDate "2009.11.19"]
[SourceQuality "1"]
[WhiteTeam "Croatia"]
[BlackTeam "Denmark"]
[WhiteTeamCountry "CRO"]
[BlackTeamCountry "DEN"]

1. e4 c6 2. Nc3 d5 3. Nf3 dxe4 4. Nxe4 Nf6 5. Nxf6+ exf6 6. d4 Bd6 7. Bc4 O-O
8. O-O Nd7 9. Re1 Re8 10. Rxe8+ Qxe8 11. Qd3 Nf8 12. Bd2 Be6 13. Re1 Qd7 14. a4
Rd8 15. Qb3 b6 16. Bb4 Bxb4 17. Qxb4 Ng6 18. Bxe6 fxe6 19. a5 b5 20. Qc5 Nf8
21. b3 Qc7 22. Qa3 Rd5 23. b4 Qd6 24. Qb3 Ng6 25. c4 bxc4 26. Qxc4 Ne7 27. h3
Kf7 28. Rb1 Nf5 29. b5 cxb5 30. Rxb5 Rxb5 31. Qxb5 a6 32. Qb7+ Ne7 33. Qb1
1/2-1/2

[Event "EU-chT (Men) 17th"]
[Site "Novi Sad"]
[Date "2009.10.30"]
[Round "9.2"]
[White "Hansen, Sune Berg"]
[Black "Kozul, Zdenko"]
[Result "1/2-1/2"]
[WhiteElo "2552"]
[BlackElo "2588"]
[PlyCount "84"]
[EventDate "2009.10.22"]
[EventType "team-swiss"]
[EventRounds "9"]
[EventCountry "YUG"]
[SourceTitle "CBM 133"]
[Source "ChessBase"]
[SourceDate "2009.11.19"]
[SourceVersion "1"]
[SourceVersionDate "2009.11.19"]
[SourceQuality "1"]
[WhiteTeam "Denmark"]
[BlackTeam "Croatia"]
[WhiteTeamCountry "DEN"]
[BlackTeamCountry "CRO"]

1. c4 d6 2. g3 e5 3. Nc3 Nc6 4. Bg2 g6 5. e3 Bg7 6. Nge2 h5 7. h4 Bg4 8. d3 a5
9. Nd5 Nge7 10. Bd2 O-O 11. f3 Bd7 12. e4 Nxd5 13. cxd5 Nb4 14. Bg5 Qb8 15. Be3
c6 16. a3 Na6 17. Nc3 b5 18. dxc6 Bxc6 19. O-O b4 20. axb4 axb4 21. Na4 Bxa4
22. Qxa4 Nc5 23. Qc6 Nxd3 24. Rab1 Nc5 25. Rfd1 Ra6 26. Qd5 Rc8 27. Bh3 Rc7 28.
Rbc1 Bf8 29. Kh2 Qa8 30. f4 Qxd5 31. Rxd5 f6 32. Bf1 Ra5 33. fxe5 fxe5 34. Bxc5
Raxc5 35. Rdxc5 Rxc5 36. Rxc5 dxc5 37. Bc4+ Kg7 38. b3 Kf6 39. Kg2 Bh6 40. Kf3
Bd2 41. Kg2 Be1 42. Kf3 g5 1/2-1/2

[Event "EU-chT (Men) 17th"]
[Site "Novi Sad"]
[Date "2009.10.30"]
[Round "9.3"]
[White "Saric, Ivan"]
[Black "Rasmussen, Allan Stig"]
[Result "1/2-1/2"]
[WhiteElo "2573"]
[BlackElo "2535"]
[PlyCount "181"]
[EventDate "2009.10.22"]
[EventType "team-swiss"]
[EventRounds "9"]
[EventCountry "YUG"]
[SourceTitle "CBM 133"]
[Source "ChessBase"]
[SourceDate "2009.11.19"]
[SourceVersion "1"]
[SourceVersionDate "2009.11.19"]
[SourceQuality "1"]
[WhiteTeam "Croatia"]
[BlackTeam "Denmark"]
[WhiteTeamCountry "CRO"]
[BlackTeamCountry "DEN"]

1. e4 c6 2. d4 d5 3. Nc3 dxe4 4. Nxe4 Nd7 5. Ng5 Ngf6 6. Bd3 e6 7. N1f3 Bd6 8.
Qe2 h6 9. Ne4 Nxe4 10. Qxe4 Nf6 11. Qe2 Qc7 12. Bd2 b6 13. O-O-O Bb7 14. Ne5 c5
15. Bb5+ Ke7 16. dxc5 Qxc5 17. a3 Qc7 18. Bf4 Rhd8 19. Rd4 Kf8 20. Rhd1 Bd5 21.
Kb1 a6 22. Bc4 b5 23. Bxd5 Nxd5 24. Bg3 Rac8 25. Rg4 a5 26. Rd3 Kg8 27. c4 Nb6
28. Rc3 bxc4 29. Nxc4 Nd5 30. Rf3 Bxg3 31. Rfxg3 Kf8 32. Rd4 Nf4 33. Rxd8+ Qxd8
34. Qd2 Qxd2 35. Nxd2 g5 36. Ne4 Ke7 37. Rb3 Nxg2 38. Rb7+ Kf8 39. Nd6 Rd8 40.
Nxf7 Rd2 41. Nxh6 Rxf2 42. Ng4 Rf4 43. Ne5 Rf2 44. b4 axb4 45. a4 Ne3 46. a5
Nd5 47. Rb8+ Kg7 48. Rb7+ Kg8 49. a6 Re2 50. Kc1 Rxe5 51. a7 Re1+ 52. Kc2 Ra1
53. Rb8+ Kf7 54. a8=Q Rxa8 55. Rxa8 Kf6 56. Rf8+ Ke5 57. Kd3 Nf4+ 58. Kc4 Nd5
59. Rg8 Kf4 60. Kd4 Ne3 61. Rb8 g4 62. Kd3 Kf3 63. Rf8+ Nf5 64. Rf6 Kg2 65. Rg6
Kh3 66. Ke4 Kxh2 67. Rxg4 b3 68. Ke5 Ne3 69. Rb4 Kg3 70. Rxb3 Kf2 71. Kxe6 Ke2
72. Ke5 Kd2 73. Ke4 Nc2 74. Rh3 Nb4 75. Rg3 Nc2 76. Rd3+ Ke2 77. Rd8 Nb4 78.
Rc8 Kd2 79. Rc7 Nc2 80. Rc4 Na3 81. Rd4+ Ke2 82. Rd5 Nc2 83. Rh5 Kd2 84. Rh2+
Kc3 85. Rg2 Nb4 86. Rg3+ Kd2 87. Kd4 Nc2+ 88. Kc5 Ne3 89. Rh3 Kd3 90. Rh7 Ke4
91. Re7+ 1/2-1/2

[Event "EU-chT (Men) 17th"]
[Site "Novi Sad"]
[Date "2009.10.30"]
[Round "9.4"]
[White "Schandorff, Lars"]
[Black "Bosiocic, Marin"]
[Result "1/2-1/2"]
[WhiteElo "2501"]
[BlackElo "2571"]
[PlyCount "77"]
[EventDate "2009.10.22"]
[EventType "team-swiss"]
[EventRounds "9"]
[EventCountry "YUG"]
[SourceTitle "CBM 133"]
[Source "ChessBase"]
[SourceDate "2009.11.19"]
[SourceVersion "1"]
[SourceVersionDate "2009.11.19"]
[SourceQuality "1"]
[WhiteTeam "Denmark"]
[BlackTeam "Croatia"]
[WhiteTeamCountry "DEN"]
[BlackTeamCountry "CRO"]

1. Nf3 c5 2. c4 Nc6 3. d4 cxd4 4. Nxd4 f5 5. g3 g6 6. Bg2 Bg7 7. e3 Nh6 8. O-O
O-O 9. Nc3 Nf7 10. b3 d6 11. Bb2 Bd7 12. Qd2 a6 13. Rad1 Rc8 14. f4 e6 15. Nce2
Qb6 16. Nxc6 Bxc6 17. Bxg7 Bxg2 18. Bd4 Qc6 19. Rf2 Be4 20. Nc3 b5 21. Nxe4
Qxe4 22. cxb5 axb5 23. Rc1 e5 24. Bb2 Ra8 25. a3 Rfc8 26. Rc3 h5 27. Qc1 Rxc3
28. Qxc3 Rb8 29. g4 Re8 30. Rd2 g5 31. Qd3 Qxd3 32. Rxd3 exf4 33. exf4 gxf4 34.
gxf5 Re2 35. Bf6 Ra2 36. Be7 Kh7 37. Bxd6 Nxd6 38. Rxd6 Rxa3 39. Rd5 1/2-1/2